| 000 | 01164nam a2200229Ia 4500 | ||
|---|---|---|---|
| 999 |
_c40263 _d40263 |
||
| 001 | 6871 | ||
| 003 | GE_BSU | ||
| 005 | 20200129173518.0 | ||
| 008 | 181216s1978||||g |||||||||||||| ||geo|| | ||
| 040 | _cGE_BSU | ||
| 041 | _ageo | ||
| 080 | _a821.353.1-1 გ-66 | ||
| 100 |
_aგომიაშვილი, ალექსანდრე. _96494 |
||
| 245 |
_aლექსები / _cალექსანდრე გომიაშვილი ; სარედ. კოლეგია : გრიგოლ აბაშიძე, ელგუჯა მაღრაძე, ვახტანგ ჯავახაძე ; რედ. ნ. კანდელაკი. |
||
| 250 | _aმეორე გამოცემა | ||
| 264 |
_aთბილისი : _bსაბჭ.საქართველო, _c1978. |
||
| 300 |
_a161 გვ. : _bფოტო გარეკანზე ; _c17 სმ. _e |
||
| 490 | _aქართული საბჭოთა პოეზიის ბიბლიოთეკა | ||
| 653 | _aლექსები` | ||
| 700 |
_aკანდელაკი, ნ. _eრედაქტორი _96507 |
||
| 942 |
_cBK _2udc |
||